<?xml version="1.0" encoding="UTF-8"?><?xml-stylesheet type="text/xsl" href="static/style.xsl"?><OAI-PMH xmlns="http://www.openarchives.org/OAI/2.0/" xmlns:xsi="http://www.w3.org/2001/XMLSchema-instance" xsi:schemaLocation="http://www.openarchives.org/OAI/2.0/ http://www.openarchives.org/OAI/2.0/OAI-PMH.xsd"><responseDate>2026-04-17T19:28:31Z</responseDate><request verb="GetRecord" identifier="oai:www.recercat.cat:2445/163720" metadataPrefix="marc">https://recercat.cat/oai/request</request><GetRecord><record><header><identifier>oai:recercat.cat:2445/163720</identifier><datestamp>2025-11-19T10:54:19Z</datestamp><setSpec>com_2072_1057</setSpec><setSpec>col_2072_478917</setSpec><setSpec>col_2072_478923</setSpec></header><metadata><record xmlns="http://www.loc.gov/MARC21/slim" xmlns:dcterms="http://purl.org/dc/terms/" xmlns:xsi="http://www.w3.org/2001/XMLSchema-instance" xmlns:doc="http://www.lyncode.com/xoai" xsi:schemaLocation="http://www.loc.gov/MARC21/slim http://www.loc.gov/standards/marcxml/schema/MARC21slim.xsd">
   <leader>00925njm 22002777a 4500</leader>
   <datafield ind2=" " ind1=" " tag="042">
      <subfield code="a">dc</subfield>
   </datafield>
   <datafield ind2=" " ind1=" " tag="720">
      <subfield code="a">Clavero Puyal, Pau</subfield>
      <subfield code="e">author</subfield>
   </datafield>
   <datafield ind2=" " ind1=" " tag="720">
      <subfield code="a">Grabulosa, Arnald</subfield>
      <subfield code="e">author</subfield>
   </datafield>
   <datafield ind2=" " ind1=" " tag="720">
      <subfield code="a">Rocamora Mercè, Mercè</subfield>
      <subfield code="e">author</subfield>
   </datafield>
   <datafield ind2=" " ind1=" " tag="720">
      <subfield code="a">Muller, G.</subfield>
      <subfield code="e">author</subfield>
   </datafield>
   <datafield ind2=" " ind1=" " tag="720">
      <subfield code="a">Font Bardia, Ma. Mercedes</subfield>
      <subfield code="e">author</subfield>
   </datafield>
   <datafield ind2=" " ind1=" " tag="260">
      <subfield code="c">2020-06-02T11:01:20Z</subfield>
   </datafield>
   <datafield ind2=" " ind1=" " tag="260">
      <subfield code="c">2020-06-02T11:01:20Z</subfield>
   </datafield>
   <datafield ind2=" " ind1=" " tag="260">
      <subfield code="c">2016-04-12</subfield>
   </datafield>
   <datafield ind2=" " ind1=" " tag="260">
      <subfield code="c">2020-06-02T11:01:20Z</subfield>
   </datafield>
   <datafield ind2=" " ind1=" " tag="520">
      <subfield code="a">The synthesis via phosphine-boranes of 13 new optically pure P-stereogenic diarylphosphines P(Het)PhR (Het = 4-dibenzofuranyl (DBF), 4-dibenzothiophenyl (DBT), 4-dibenzothiophenyl-S,S-dioxide (DBTO2) and 1-thianthrenyl (TA); R = OMe, Me, i-Pr, Fc (ferrocenyl)) following the Jugé-Stephan method is described. The ligands were designed with the aim of having a heteroatom in a position capable of interacting with a metal upon coordination. The ligands and their precursors have been fully characterised, including the determination of two crystal structures of phosphine-boranes. Ru neutral complexes of the type [RuCl2(η6-arene)(κP-P)] (arene = p-cymene and methyl benzoate) have been prepared and characterised, including three crystal structure determinations. Treatment of solutions of the complexes with TlPF6 allowed the preparation of well-defined cationic complexes [RuCl(η6-arene)(κ2P,S-P)]PF6 for DBT- and TA-based phosphines. The complexes possess a stereogenic Ru atom and in most of the cases they are present as a single isomer in solution. All the Ru complexes have been used in the asymmetric transfer hydrogenation of acetophenone in refluxing 2-propanol, with good activities and up to 70% ee.</subfield>
   </datafield>
   <datafield tag="653" ind2=" " ind1=" ">
      <subfield code="a">Ruteni</subfield>
   </datafield>
   <datafield tag="653" ind2=" " ind1=" ">
      <subfield code="a">Catàlisi asimètrica</subfield>
   </datafield>
   <datafield tag="653" ind2=" " ind1=" ">
      <subfield code="a">Quiralitat</subfield>
   </datafield>
   <datafield tag="653" ind2=" " ind1=" ">
      <subfield code="a">Ruthenium</subfield>
   </datafield>
   <datafield tag="653" ind2=" " ind1=" ">
      <subfield code="a">Enantioselective catalysis</subfield>
   </datafield>
   <datafield tag="653" ind2=" " ind1=" ">
      <subfield code="a">Chirality</subfield>
   </datafield>
   <datafield ind2="0" ind1="0" tag="245">
      <subfield code="a">Ruthenium complexes of P-stereogenic phosphines with a heterocyclic substituent</subfield>
   </datafield>
</record></metadata></record></GetRecord></OAI-PMH>